| 000 | 00678nam a22002051a 4500 | ||
|---|---|---|---|
| 005 | 20110718133135.0 | ||
| 008 | 091005s1980 001 0 eng d | ||
| 020 |
_a9966409203 : _c0.00 |
||
| 040 | _aNEGST Library - Kenya | ||
| 050 | 4 | _aBS 325.M33 1980 | |
| 082 | 0 | _aBS 325.M33 1980 | |
| 100 | 1 | _aAlliance biblique du Tchad. | |
| 245 | 1 | 0 | _aBible : Maktub ki kunj rang lo lubah ki. |
| 260 |
_aN'djamena : _bAlliance Biblique au Tch, _c1980. |
||
| 300 | _aiv, 365 p. : ill. | ||
| 500 | _a"La Bible en langue mbai." - T.p. verso. [Africana] | ||
| 600 | 1 | 0 | _aBible. Mbai. 1980. |
| 600 | 1 | 0 | _aMbai language - Texts. |
| 852 | _918.00 | ||
| 999 |
_c39992 _d39992 |
||